[Event "2010 ASTC Secondary Open"]
[Site "Perth Modern School WA"]
[Date "2010.12.04"]
[Round "1"]
[White "Daenke, Stephen (SA)"]
[Black "Shah, Neville (WA)"]
[Result "1-0"]
[WhiteElo "1514"]
[BlackElo "1329"]

1. d4 d5 2. c4 e6 3. Nc3 Nf6 4. cxd5 exd5 5. Bg5 Nbd7 6. e3 c6 7. Bd3 Qa5
8. Qc2 Bb4 9. Nf3 h6 10. Bf4 Nh5 11. Be5 Nhf6 12. O-O O-O 13. a3 Be7 14. b4
Qd8 15. Rab1 Re8 16. Ne2 Nxe5 17. Nxe5 Nd7 18. Bh7+ Kf8 19. f4 Nxe5 20.
fxe5 Bg5 21. Nf4 Bxf4 22. exf4 Qb6 23. Qd3 Re7 24. Kh1 Ke8 25. f5 Qc7 26.
f6 gxf6 27. Rxf6 Re6 28. Rbf1 Ke7 29. Rxf7+ Kd8 30. Rf8+ Re8 31. Rxe8+ Kxe8
32. Qg6+ Kd8 33. Rf8+ Ke7 34. Qf7# 1-0

[Event "2010 ASTC Secondary Open"]
[Site "Perth Modern School WA"]
[Date "2010.12.04"]
[Round "1"]
[White "Xi, Michael (WA)"]
[Black "Gupta, Aashray (SA)"]
[Result "0-1"]
[WhiteElo "1079"]
[BlackElo "1087"]

1. Nf3 c5 2. c4 Nf6 3. b4 e6 4. bxc5 Bxc5 5. d4 Bb4+ 6. Bd2 Bxd2+ 7. Qxd2
d6 8. Nc3 O-O 9. e4 Nbd7 10. e5 dxe5 11. dxe5 Ng4 12. Qd4 Qa5 13. Bd3 Ndxe5
14. Nxe5 Qxe5+ 15. Qxe5 Nxe5 16. Be2 b6 17. O-O Ba6 18. Nb5 Rfc8 19. Rac1
Rc5 20. a4 Bb7 21. Rfd1 f6 22. Nd6 Bc6 23. Ra1 Ra5 24. f4 Ng6 25. Bf3 Bxf3
26. gxf3 Nxf4 27. Nb7 Rg5+ 28. Kh1 h6 29. a5 b5 30. c5 Rd5 31. c6 Rc8 32.
Rxd5 Nxd5 33. Rc1 Rc7 34. Nd6 Ne7 35. Ne4 Rxc6 36. Rd1 Rc8 37. Nd6 Rd8 38.
Kg2 Nf5 0-1

[Event "2010 ASTC Secondary Open"]
[Site "Perth Modern School WA"]
[Date "2010.12.04"]
[Round "1"]
[White "Selvanderan, Tim (SA)"]
[Black "Thompson, Joseph (WA)"]
[Result "1-0"]
[WhiteElo "1086"]
[BlackElo "962"]

1. e4 e5 2. Nf3 Nc6 3. Bc4 Bc5 4. Nc3 Nf6 5. h3 d6 6. d3 h6 7. O-O Bd7 8. Re1
Qe7 9. a3 Nd4 10. Be3 O-O-O 11. b4 Bb6 12. Bxd4 Bxd4 13. Nxd4 exd4 14. Ne2 c5
15. c3 dxc3 16. Nxc3 Qe5 17. Nd5 Nxd5 18. Bxd5 Qg5 19. Qf3 Rhf8 20. Rac1 b6 21.
Rc2 Kb8 22. bxc5 dxc5 23. Qg3+ Qxg3 24. fxg3 Kc7 25. d4 Kd6 26. dxc5+ bxc5 27.
Rf1 f5 28. Rd2 fxe4 29. Bxe4+ Kc7 30. Rc1 Kb6 31. Rb2+ Ka6 32. Rxc5 Rb8 33.
Bd3+ Bb5 34. Rcxb5 Rxb5 35. Rxb5 Rf6 36. Rf5+ Kb6 37. Rxf6+ gxf6 38. a4 a5 39.
Kf2 Kc5 40. Kf3 Kd4 41. Bb5 Ke5 42. g4 f5 43. gxf5 Kxf5 44. h4 Kg6 45. g4 h5
46. gxh5+ Kxh5 47. Ke4 Kxh4 48. Kd5 1-0

[Event "2010 ASTC Secondary Open"]
[Site "Perth Modern School WA"]
[Date "2010.12.04"]
[Round "1"]
[White "Li, James (ACT)"]
[Black "Arase, Alex (QLD)"]
[Result "1/2-1/2"]
[WhiteElo "1446"]
[BlackElo "1213"]

1. e4 c5 2. c3 d6 3. d4 cxd4 4. cxd4 Nf6 5. Nc3 g6 6. Bc4 Bg7 7. Nf3 O-O 8.
O-O Nxe4 9. Nxe4 d5 10. Bxd5 Qxd5 11. Nc3 Qh5 12. Re1 Nc6 13. d5 Rd8 14.
Bg5 Bg4 15. h3 Bxf3 16. Qxf3 Qxg5 17. dxc6 bxc6 18. Qxc6 Rac8 19. Qb7 Bxc3
20. bxc3 Rxc3 21. Rxe7 Rxh3 22. Rxf7 Rh2 23. Kxh2 Qe5+ 24. g3 Qxa1 25. Rxh7
Qf6 26. Kg2 Rf8 27. Qxa7 1/2-1/2

[Event "2010 ASTC Secondary Open"]
[Site "Perth Modern School WA"]
[Date "2010.12.04"]
[Round "1"]
[White "Xing, Edward (ACT)"]
[Black "Muller, Jonas (QLD)"]
[Result "0-1"]
[WhiteElo "1666"]
[BlackElo "1900"]

1. e4 c5 2. Nc3 Nc6 3. f4 g6 4. Nf3 Bg7 5. Bc4 e6 6. d3 Nge7 7. O-O d5 8. Bb3
O-O 9. Qe1 Na5 10. a3 Nxb3 11. cxb3 Nc6 12. e5 Qb6 13. Na4 Qxb3 14. Nxc5 Qb5
15. Qc3 b6 16. Nb3 Ba6 17. Rd1 Rac8 18. Nbd4 Qa4 19. Qb3 Qxb3 20. Nxb3 Rc7 21.
Nbd4 Rfc8 22. Be3 Bf8 23. b4 Nxd4 24. Bxd4 Be7 25. Ne1 Bb5 26. Bb2 a5 27. bxa5
bxa5 28. Rac1 Bc5+ 29. Kf1 Ba4 30. Nc2 Ba7 31. Bd4 Bxd4 32. Nxd4 Rxc1 33. Rxc1
Rxc1+ 0-1

[Event "2010 ASTC Secondary Open"]
[Site "Perth Modern School WA"]
[Date "2010.12.04"]
[Round "1"]
[White "Tuffan, Kevin (QLD)"]
[Black "Zhang, Yijun (ACT)"]
[Result "0-1"]
[WhiteElo "1007"]
[BlackElo "1371"]

1. e4 c5 2. Nf3 e6 3. d4 cxd4 4. Nxd4 a6 5. Be3 Qc7 6. Be2 Nf6 7. Nd2 b5 8. a3
Bb7 9. Bd3 Nc6 10. N4b3 Ne5 11. f3 d5 12. Bf4 Nxd3+ 13. cxd3 Qxf4 14. Rc1 Qe3+
15. Qe2 Qxe2+ 16. Kxe2 Nd7 17. Na5 Rb8 18. Rc7 Nc5 19. Nxb7 Nxb7 20. Rhc1 Bd6
21. Rxb7 O-O 22. Rxb8 Rxb8 23. Rc6 Bxh2 24. Rxa6 h6 25. Rc6 Be5 26. b3 Bb2 27.
exd5 exd5 28. Rc5 d4 29. Nb1 b4 30. a4 Bc3 31. Nd2 g6 32. Ne4 Kg7 33. Kd1 f5
34. Nxc3 bxc3 35. Rc4 Rxb3 36. Rxd4 Ra3 37. Kc2 Kf6 38. f4 h5 39. Rc4 h4 40. d4
Ra2+ 41. Kd3 Rxg2 42. Rxc3 Rg3+ 43. Kc4 Rxc3+ 44. Kxc3 h3 45. a5 h2 46. a6 h1=Q
47. a7 Qa8 48. d5 Qxd5 49. Kc2 Qc5+ 50. Kd3 Qxa7 51. Kc4 Qe3 52. Kd5 Qe4+ 53.
Kd6 Kf7 54. Kc7 Qe6 55. Kb7 Ke7 56. Ka8 Qd7 57. Kb8 Kd6 58. Ka8 Kc6 0-1

[Event "2010 ASTC Secondary Open"]
[Site "Perth Modern School WA"]
[Date "2010.12.04"]
[Round "1"]
[White "Baker, Brendan (QLD)"]
[Black "Lo, Willis (ACT)"]
[Result "0-1"]
[WhiteElo "1379"]
[BlackElo "1547"]

1. e4 c5 2. Nf3 d6 3. d4 cxd4 4. Nxd4 Nf6 5. Nc3 g6 6. Be3 Bg7 7. f3 a6 8. Bc4
Nbd7 9. Qd2 h6 10. g4 b5 11. Bb3 Bb7 12. h4 Nc5 13. O-O-O Nxb3+ 14. Nxb3 h5 15.
gxh5 Rxh5 16. Kb1 Qc7 17. Ne2 d5 18. Nf4 Rh8 19. Nxd5 Nxd5 20. exd5 Rd8 21. Bf4
Be5 22. Bxe5 Qxe5 23. Rhe1 Qd6 24. Qe2 Rh5 25. Na5 Rxd5 26. Rxd5 Bxd5 27. f4
Be4 28. Nb3 Qxf4 29. Qxe4 Rd1+ 30. Rxd1 Qxe4 31. Nc5 Qe2 32. Rc1 b4 33. Nd3 a5
34. Re1 Qg4 35. Re5 Qg1+ 36. Re1 Qb6 37. Re4 f5 38. Rf4 Qg1+ 39. Nc1 e5 40. Rc4
e4 41. Rc6 e3 42. Ra6 f4 43. Rf6 Qg4 44. Nd3 Qd1+ 45. Nc1 f3 46. Re6+ Kf7 47.
Rxe3 f2 0-1

[Event "2010 ASTC Secondary Open"]
[Site "Perth Modern School WA"]
[Date "2010.12.04"]
[Round "1"]
[White "Dalton, Samuel (VIC)"]
[Black "Tan, Kevin (NSW)"]
[Result "1-0"]
[WhiteElo "1996"]
[BlackElo "1755"]

1. e4 c5 2. Nf3 Nc6 3. d4 cxd4 4. Nxd4 e5 5. Nb5 d6 6. N1c3 a6 7. Na3 b5 8. Nd5
f5 9. Bd3 f4 10. c4 b4 11. Qa4 Bd7 12. Nxb4 Nd4 13. Qd1 d5 14. Nxd5 Bxa3 15.
Qh5+ Kf8 16. bxa3 Qa5+ 17. Bd2 Qd8 18. Bb4+ 1-0

[Event "2010 ASTC Secondary Open"]
[Site "Perth Modern School WA"]
[Date "2010.12.04"]
[Round "1"]
[White "Ruan, Jack (NSW)"]
[Black "Tang, Jonathan (VIC)"]
[Result "1-0"]
[WhiteElo "1784"]
[BlackElo "1645"]

1. d4 d5 2. c4 c6 3. Nf3 Nf6 4. e3 Bg4 5. Qb3 Qb6 6. Ne5 Be6 7. c5 Qc7 8.
Nd2 g6 9. Be2 Bg7 10. O-O O-O 11. f4 Nbd7 12. Nd3 Ne4 13. Qc2 Bf5 14. g4
Nxd2 15. Qxd2 Be4 16. Nf2 f5 17. b4 e5 18. dxe5 Nxe5 19. Bb2 Nf3+ 20. Bxf3
Bxf3 21. g5 Rfe8 22. Bd4 a5 23. a3 Re6 24. Qc3 Bxd4 25. Qxd4 Rae8 26. Nd3
Be2 27. Ne5 Bxf1 28. Rxf1 Ra8 29. b5 Ree8 30. Rb1 Rab8 31. a4 Red8 32. Kg2
Rdc8 33. Kg3 Rd8 34. Kg2 Rdc8 35. Kg3 Qg7 36. Qd2 Qc7 37. b6 Qg7 38. Qxa5
Ra8 39. Qb4 h6 40. h4 hxg5 41. hxg5 Kf8 42. Ra1 Ke7 43. Qd4 Qh7 44. Nd3 Rh8
45. Qf6+ Ke8 46. Qe6+ Kf8 47. Qf6+ Ke8 48. Qe6+ Kd8 49. Qd6+ Ke8 50. Qe6+
Kd8 51. Qd6+ Kc8 52. Qe6+ Kb8 53. Qd6+ Kc8 54. Qe6+ Kd8 55. Qd6+ Ke8 56.
Qe6+ Kf8 57. Qf6+ Kg8 58. Qe6+ Qf7 59. Qd6 Re8 60. Ne5 Qe6 61. a5 Rh7 62.
a6 bxa6 63. Rxa6 Qxd6 64. cxd6 Rb7 65. Kf3 Rd8 66. d7 Kg7 67. Ke2 Kf8 68.
Nxg6+ Kf7 69. Ne5+ Ke6 70. Kd3 c5 71. Kc3 Rh8 72. Kb3 Rg8 73. Ka4 Kd6 74.
Kb5 Rgb8 75. g6 d4 76. exd4 cxd4 77. Kc4 Rg8 78. Kxd4 Ke7 79. Kc5 1-0

[Event "2010 ASTC Secondary Open"]
[Site "Perth Modern School WA"]
[Date "2010.12.04"]
[Round "2"]
[White "Shah, Neville (WA)"]
[Black "Xing, Edward (ACT)"]
[Result "0-1"]
[WhiteElo "1329"]
[BlackElo "1666"]

1. d4 Nf6 2. c4 g6 3. Nc3 Bg7 4. e4 d6 5. f4 O-O 6. h3 Nbd7 7. Nf3 e5 8. d5
Nh5 9. fxe5 Nxe5 10. g4 Ng3 11. Rg1 Nxf1 12. Rxf1 Nxc4 13. Qe2 Ne5 14. Be3
b6 15. Rc1 a5 16. Nb5 Ba6 17. Qd2 Bxb5 18. Rf2 Nxf3+ 19. Rxf3 Re8 20. Kd1
Rxe4 21. Qf2 Qe7 22. Kd2 Re8 23. Re1 Bxb2 24. Rb1 Qe5 25. Rxf7 Qc3+ 26. Kd1
Qd3+ 27. Qd2 Ba4+ 28. Ke1 Rxe3+ 29. Kf2 Qxd2+ 30. Kg1 Re1+ 31. Rf1 Bd4+ 32.
Kh1 Rxb1 33. Rxb1 Bc2 34. Re1 Rxe1# 0-1

[Event "2010 ASTC Secondary Open"]
[Site "Perth Modern School WA"]
[Date "2010.12.04"]
[Round "2"]
[White "Mason, Joanne (ACT)"]
[Black "Xie, Michael (WA)"]
[Result "1-0"]
[WhiteElo "963"]
[BlackElo "1079"]

1. d4 d5 2. Nf3 Nf6 3. e3 Nc6 4. c3 e6 5. Bd3 Bd6 6. Nbd2 Bd7 7. O-O O-O 8. e4
dxe4 9. Nxe4 Nxe4 10. Bxe4 Re8 11. Re1 a5 12. Qd3 Rb8 13. Bxh7+ Kf8 14. Be4 f5
15. Bxc6 Bxc6 16. Bg5 Be7 17. Bxe7+ Qxe7 18. Ne5 Be4 19. Qxe4 fxe4 20. Ng6+ Kg8
21. Nxe7+ Rxe7 22. Rxe4 c6 23. Rae1 Kf7 24. Rf4+ Kg8 25. Re5 b6 26. g3 Rbe8 27.
c4 Rf7 28. Rxf7 Kxf7 29. f4 Kf6 30. d5 cxd5 31. cxd5 b5 32. Kf2 g5 33. Rxe6+
Rxe6 34. dxe6 g4 35. Kg2 Kxe6 36. h3 Kf5 37. hxg4+ Kxg4 38. Kf2 b4 39. Ke3 Kf5
40. Kd4 Kg4 41. Ke5 a4 42. f5 Kg5 43. Ke6 a3 44. b3 Kh6 45. f6 Kg6 46. Ke7 Kh6
47. f7 Kg7 48. f8=Q+ Kg6 49. Qf6+ Kh7 50. Qg5 Kh8 51. Kf7 Kh7 52. Qg7# 1-0

[Event "2010 ASTC Secondary Open"]
[Site "Perth Modern School WA"]
[Date "2010.12.04"]
[Round "2"]
[White "Thompson, Joseph (WA)"]
[Black "Li James (ACT)"]
[Result "0-1"]
[WhiteElo "962"]
[BlackElo "1446"]

1. e4 c6 2. Nc3 d5 3. d3 e5 4. Nf3 Bg4 5. Be2 Bb4 6. Bd2 d4 7. Na4 Bd6 8.
b3 b5 9. Nb2 Ne7 10. c3 Qb6 11. cxd4 Bxf3 12. Bxf3 Qxd4 13. Qc2 Ba3 14. Rb1
Na6 15. Be3 Qd6 16. O-O Rd8 17. Bxa7 c5 18. Nc4 bxc4 19. bxc4 Nb8 20. Qa4+
Rd7 21. Bg4 Nbc6 22. Bxd7+ Qxd7 23. Qxa3 Qxa7 24. Qxa7 Nxa7 25. a3 Nac6 26.
Rb6 Kd7 27. f4 Kc7 28. Rb2 Rd8 29. fxe5 Nxe5 30. Rd2 Nc8 31. a4 Nb6 32. a5
Nbxc4 33. Ra2 Rxd3 34. a6 Nb6 35. a7 Rd8 36. Rfa1 Ra8 37. Kf2 Nc6 38. Ke3
Kb7 39. Rf1 f6 40. e5 Nxe5 41. Ke4 Rxa7 42. Rxa7+ Kxa7 43. Rc1 c4 44. h3
Kb7 45. g4 Kc6 46. Kd4 0-1

[Event "2010 ASTC Secondary Open"]
[Site "Perth Modern School WA"]
[Date "2010.12.04"]
[Round "2"]
[White "Baker, Brendan (QLD)"]
[Black "Ruan, Jack (NSW)"]
[Result "0-1"]
[WhiteElo "1379"]
[BlackElo "1784"]

1. e4 c5 2. Nf3 Nc6 3. d4 cxd4 4. Nxd4 Nf6 5. Nc3 e5 6. Ndb5 d6 7. Bd3 a6
8. Na3 b5 9. Nd5 Nxd5 10. exd5 Ne7 11. c4 bxc4 12. Nxc4 Qc7 13. Nxe5 dxe5
14. d6 Qc6 15. dxe7 Bxe7 16. O-O Bb7 17. f3 O-O 18. Be4 Qb6+ 19. Kh1 Bc5
20. Qe2 Bd4 21. Rb1 Rac8 22. Bxb7 Qxb7 23. Be3 Qb6 24. Bxd4 exd4 25. Qd3 g6
26. Rfe1 Rfe8 27. Re4 Rcd8 28. b3 Rxe4 29. fxe4 Qa5 30. a4 Qc3 31. Qxa6 d3
32. Qb6 Rc8 33. Qe3 d2 34. Rd1 Qxe3 0-1

[Event "2010 ASTC Secondary Open"]
[Site "Perth Modern School WA"]
[Date "2010.12.04"]
[Round "2"]
[White "Tan, Kevin (NSW)"]
[Black "Mullar, Jonas (QLD)"]
[Result "0-1"]
[WhiteElo "1755"]
[BlackElo "1900"]

1. e4 c5 2. Nf3 Nc6 3. d4 cxd4 4. Nxd4 Nf6 5. Nc3 e5 6. Ndb5 d6 7. Bg5 a6
8. Na3 b5 9. Nd5 Be7 10. Bxf6 Bxf6 11. c3 Bg5 12. Nc2 O-O 13. h4 Bh6 14. a4
bxa4 15. Rxa4 a5 16. Bc4 Rb8 17. b3 Kh8 18. g4 Bf4 19. Nce3 Be6 20. Nf5 g6
21. Nxf4 Bxf5 22. Nxg6+ Bxg6 23. Bd5 Ne7 24. h5 Qb6 25. b4 Qc7 26. Qd2 Nxd5
27. hxg6 Nf4 28. Rxh7+ Kg8 29. Rxa5 Qxa5 30. bxa5 Rb1+ 31. Qd1 Rxd1+ 32.
Kxd1 Nxg6 33. Rh3 Nf4 34. Rh6 Ne6 35. f4 Kg7 36. g5 exf4 37. Rf6 Ra8 38.
Rf5 Nc5 39. Rxf4 Rxa5 40. Ke2 Ne6 41. Rf1 Rxg5 42. Rd1 Rg3 43. Rxd6 Rxc3
44. Rb6 Kf6 45. Kd2 Rh3 46. Rb5 Rf3 47. Ra5 Ng5 48. Ra4 Ke5 49. Ke2 Rf4 50.
Ra5+ Kf6 51. Ke3 Rxe4+ 52. Kd3 Re5 53. Ra4 Kg6 54. Rh4 f5 55. Rh8 f4 56.
Kd4 Re7 57. Rf8 Ne6+ 0-1

[Event "2010 ASTC Secondary Open"]
[Site "Perth Modern School WA"]
[Date "2010.12.04"]
[Round "2"]
[White "Tuffan, Kevin (QLD)"]
[Black "Xu, Jerry (NSW)"]
[Result "0-1"]
[WhiteElo "1007"]
[BlackElo "1567"]

1. e4 c5 2. Nf3 d6 3. d4 cxd4 4. Nxd4 Nf6 5. Nc3 a6 6. Be3 e5 7. Nf3 h6 8. h3
Be6 9. Nd2 Qc7 10. Be2 Be7 11. O-O Nbd7 12. Nb3 O-O 13. f4 Rac8 14. Rc1 Nb6 15.
Nd2 Nc4 16. Nxc4 Bxc4 17. f5 Rfd8 18. Bd3 d5 19. Bf2 dxe4 20. Na4 Qa5 21. Nb6
Rc6 22. Qe1 Qxe1 23. Rfxe1 exd3 24. cxd3 Bb5 25. Nc4 Bxc4 26. dxc4 e4 27. Be3
Bc5 28. Bxc5 Rxc5 29. b3 Rc7 30. Rcd1 Rcd7 31. Rxd7 Rxd7 32. Re2 Kf8 33. Kf2
Rd3 34. Rc2 Ke7 35. c5 Kd7 36. h4 Kc6 37. b4 Ng4+ 38. Ke2 Ne3 39. Rd2 Rxd2+ 40.
Kxd2 Nxf5 41. g4 Nxh4 42. Ke3 g6 43. Kf4 f5 44. gxf5 gxf5 45. Kg3 Ng6 46. Kf2
Ne5 47. Ke3 h5 48. Kf4 Nd3+ 49. Ke3 h4 50. Ke2 h3 51. Kf1 h2 52. Kg2 e3 53.
Kxh2 e2 54. Kh3 e1=Q 55. b5+ axb5 56. a4 Nf4+ 57. Kh2 Qf2+ 58. Kh1 Qg2# 0-1

[Event "2010 ASTC Secondary Open"]
[Site "Perth Modern School WA"]
[Date "2010.12.04"]
[Round "2"]
[White "Wang, Oscar (NSW)"]
[Black "Arase, Alex (QLD)"]
[Result "1-0"]
[WhiteElo "1817"]
[BlackElo "1213"]

1. e4 c5 2. Nf3 d6 3. d4 cxd4 4. Nxd4 Nf6 5. Nc3 g6 6. Be2 Bg7 7. O-O O-O 8.
Re1 Nc6 9. Nb3 Bd7 10. Bf1 a5 11. a4 Nb4 12. Nd5 Nfxd5 13. exd5 Rc8 14. c3 Na6
15. Be3 Nc5 16. Nxc5 dxc5 17. Bg5 Bf6 18. Bxf6 exf6 19. Qf3 Qb6 20. Bb5 Bxb5
21. axb5 c4 22. Rad1 Kg7 23. h4 Rfd8 24. h5 Qxb5 25. h6+ Kxh6 26. Qxf6 Rxd5 27.
Rxd5 Qxd5 28. Re3 Qd1+ 29. Kh2 Qh5+ 30. Rh3 Rc5 31. g4 Qxh3+ 32. Kxh3 b6 33. f4
Rd5 34. Kh4 1-0

[Event "2010 ASTC Secondary Open"]
[Site "Perth Modern School WA"]
[Date "2010.12.04"]
[Round "2"]
[White "Dalton, Samuel (VIC)"]
[Black "Daenke, Stephen (SA)"]
[Result "1/2-1/2"]
[WhiteElo "1996"]
[BlackElo "1514"]

1. e4 c5 2. Nf3 g6 3. d4 cxd4 4. Qxd4 Nf6 5. Bb5 a6 6. e5 axb5 7. exf6 Nc6 8.
fxe7 Qxe7+ 9. Qe3 b4 10. O-O Qxe3 11. Bxe3 Bg7 12. c3 O-O 13. a3 d5 14. cxb4
Nxb4 15. Nc3 Nc2 16. Rac1 Bf5 17. Bg5 Bxc3 18. bxc3 Nxa3 19. Rfd1 Be4 20. Bf6
Ra6 21. Bd4 Nb5 22. Bc5 Rc8 23. Bb4 Rac6 24. Ne5 Re6 25. Nd7 d4 26. cxd4 Rxc1
27. Rxc1 Bc6 28. d5 Bxd7 29. dxe6 Bxe6 30. Rc5 Nd4 31. Rc7 b5 32. Rb7 Ne2+ 33.
Kf1 Bc4 34. Ke1 h5 35. Be7 f5 36. Bf6 Nf4 37. g3 Nd5 1/2-1/2